Drei Duos : Duo No.2 in C - dur fur Violine und Violoncello (Record no. 28956)

000 -LEADER
fixed length control field 00633nam a22002057a 4500
003 - CONTROL NUMBER IDENTIFIER
control field OSt
005 - DATE AND TIME OF LATEST TRANSACTION
control field 20260428110621.0
008 - FIXED-LENGTH DATA ELEMENTS--GENERAL INFORMATION
fixed length control field 260428b ||||| |||| 00| 0 eng d
040 ## - CATALOGING SOURCE
Original cataloging agency BSHUA
Language of cataloging Shqip
050 ## - LIBRARY OF CONGRESS CALL NUMBER
Item number 785.72/Roll.
082 ## - DEWEY DECIMAL CLASSIFICATION NUMBER
Item number 785.72/Roll.
100 ## - MAIN ENTRY--PERSONAL NAME
Personal name Rolla, Alessandro
245 ## - TITLE STATEMENT
Title Drei Duos : Duo No.2 in C - dur fur Violine und Violoncello
260 ## - PUBLICATION, DISTRIBUTION, ETC. (IMPRINT)
Place of publication, distribution, etc Mainz:
Name of publisher, distributor, etc B.Schott's Sohne,
Date of publication, distribution, etc 1926.
300 ## - PHYSICAL DESCRIPTION
Extent 20 f.;
653 ## - INDEX TERM--UNCONTROLLED
Uncontrolled term Muzika boterore - Muzika italiane - Muzike dhome - Duo - Duo nr.2 - C dur -
-- Duo per Violine dhe Violincel -
-- Partitura
856 ## - ELECTRONIC LOCATION AND ACCESS
Link text Fulltext
942 ## - ADDED ENTRY ELEMENTS (KOHA)
Source of classification or shelving scheme
Koha item type Music Scores
953 ## - Fulltext
Is Fulltext Available Unavailable
Holdings
Withdrawn status Lost status Source of classification or shelving scheme Damaged status Not for loan Permanent Location Current Location Date acquired Cost, normal purchase price Full call number Barcode Date last seen Price effective from Koha item type
          Biblioteka e Universitetit te Arteve - Fondi i Mbyllur Biblioteka e Universitetit te Arteve - Fondi i Mbyllur 2026-04-28 300.00 785.72/Roll. 68501 2026-04-28 2026-04-28 Music Scores
^
Universiteti i Arteve, Tiranë
Projekt i realizuar më Tetor, 2011.
Powered by: Koha
Developed by: Erjon Sulaj